Libéralisation de la destruction de vies qui ne valent pas d’être vécues par K. L. Binding et A. E. Hoche (notice n° 1655713)
[ vue normale ]
| 000 -LEADER | |
|---|---|
| fixed length control field | 01587cam a2200157 4500500 |
| 005 - DATE AND TIME OF LATEST TRANSACTION | |
| control field | 20260208010237.0 |
| 041 ## - LANGUAGE CODE | |
| Language code of text/sound track or separate title | fre |
| 042 ## - AUTHENTICATION CODE | |
| Authentication code | dc |
| 100 10 - MAIN ENTRY--PERSONAL NAME | |
| Personal name | Thalmann, Rita |
| Relator term | author |
| 245 00 - TITLE STATEMENT | |
| Title | Libéralisation de la destruction de vies qui ne valent pas d’être vécues par K. L. Binding et A. E. Hoche |
| 260 ## - PUBLICATION, DISTRIBUTION, ETC. | |
| Date of publication, distribution, etc. | 2005.<br/> |
| 500 ## - GENERAL NOTE | |
| General note | 71 |
| 520 ## - SUMMARY, ETC. | |
| Summary, etc. | Created in 1905 by the biologist Alfred Ploetz, the Society represented initially a pluralist network of researchers who believed that the “value” or “non value” of individuals implied controlling the quality of their genetic inheritance. This would be carried out by positive or negative eugenic actions, either accepted according to some or imposed according to others. Among the scientists within the network, besides Alfred Ploetz who died in 1940, were the anthropologist Eugen Fisher, the biologists of human heredity Friedrich Lenz and Otmar von Verschuer and the psychiatrist Ernst Rüdin. The latter were already well known in the second half of the Weimar Republic. From 1933 on, the exclusion of their liberal colleagues enabled them to give free rein to their determination to rule “German science” and to control the field even beyond the Reich border. Yet, after 1945, the older among these scientists never lost their prestige while the younger ones were free to resume their academic careers. |
| 786 0# - DATA SOURCE ENTRY | |
| Note | Revue d’Histoire de la Shoah | 183 | 2 | 2005-10-19 | p. 227-264 | 2111-885X |
| 856 41 - ELECTRONIC LOCATION AND ACCESS | |
| Uniform Resource Identifier | <a href="https://shs.cairn.info/revue-d-histoire-de-la-shoah-2005-2-page-227?lang=fr&redirect-ssocas=7080">https://shs.cairn.info/revue-d-histoire-de-la-shoah-2005-2-page-227?lang=fr&redirect-ssocas=7080</a> |
Pas d'exemplaire disponible.




Réseaux sociaux